000 00558nam a2200217Ia 4500
003 OSt
005 20220928145708.0
006 a|||||r|||| 00| 0
007 ta
008 220927b |||||||| |||| 00| 0 eng d
024 _a82041
037 _cTextual
040 _aSDCL
_cSDCL
_beng
041 _2eng
_aeng
082 _aX:89Vg, P2
100 _aDonath Bob Ed.
_9514127
245 0 _aIOMA handbook of logistics and inventory management.
260 _c2002
942 _hX:89Vg, P2
_cTEXL
_2CC
999 _c834833
_d834833